000 00277nam a22001337a 4500
008 170403b xxu||||| |||| 00| 0 eng d
020 _a9781590560402
041 _aeng
080 _a574
100 _a9
101 _aSHM
245 _aGREEN BELT
_cMAATHAI.W
942 _2udc
_cBK
999 _c9458
_d9458